Govt. of
Madhya Pradesh

HINDUISM (Record no. 64538)

MARC details
000 -LEADER
fixed length control field 00422nam a22001697a 4500
003 - CONTROL NUMBER IDENTIFIER
control field MACL
005 - DATE AND TIME OF LATEST TRANSACTION
control field 20211209153548.0
008 - FIXED-LENGTH DATA ELEMENTS--GENERAL INFORMATION
fixed length control field 211209b |||||||| |||| 00| 0 eng d
040 ## - CATALOGING SOURCE
Transcribing agency MACL
082 ## - DEWEY DECIMAL CLASSIFICATION NUMBER
Classification number 294
100 ## - MAIN ENTRY--PERSONAL NAME
Personal name DWIVEDI,OM
9 (RLIN) 36566
245 ## - TITLE STATEMENT
Title HINDUISM
Remainder of title ORIGINS, BELIEFS AND RELIGIOUS TOLERANCE
260 ## - PUBLICATION, DISTRIBUTION, ETC. (IMPRINT)
Place of publication, distribution, etc. NEW DELHI
Name of publisher, distributor, etc. NONI BOOKS
Date of publication, distribution, etc. 2016
300 ## - PHYSICAL DESCRIPTION
Extent p240
650 ## - SUBJECT ADDED ENTRY--TOPICAL TERM
Topical term or geographic name as entry element HINDU RELIGION
9 (RLIN) 350
942 ## - ADDED ENTRY ELEMENTS (KOHA)
Source of classification or shelving scheme
Koha item type Books
Holdings
Withdrawn status Lost status Source of classification or shelving scheme Damaged status Not for loan Home library Current library Date acquired Cost, normal purchase price Total Checkouts Full call number Barcode Date last seen Price effective from Koha item type
          MACL MACL 09/12/2021 650.00   294 CRE035583 02/05/2024 09/12/2021 Books